LEADER 05682oam 2200805I 450 001 9910821985903321 005 20241010181827.0 010 $a1-135-17071-1 010 $a1-336-22130-5 010 $a1-135-17064-9 010 $a1-280-40690-9 010 $a0-203-68343-9 010 $a0-203-64361-5 024 7 $a10.4324/9780203643617 035 $a(CKB)1000000000251954 035 $a(EBL)200465 035 $a(OCoLC)56557976 035 $a(SSID)ssj0000377153 035 $a(PQKBManifestationID)11279522 035 $a(PQKBTitleCode)TC0000377153 035 $a(PQKBWorkID)10337344 035 $a(PQKB)10636540 035 $a(MiAaPQ)EBC200465 035 $a(MiAaPQ)EBC5300365 035 $a(Au-PeEL)EBL200465 035 $a(CaPaEBR)ebr11037960 035 $a(CaONFJC)MIL753416 035 $a(Au-PeEL)EBL5300365 035 $a(CaONFJC)MIL40690 035 $a(OCoLC)1027203698 035 $a(EXLCZ)991000000000251954 100 $a20180331d2004 uy 0 101 0 $aeng 135 $aur|n|---||||| 181 $ctxt 182 $cc 183 $acr 200 00$a'Mixed race' studies $ea reader /$fedited and introduced by Jayne O. Ifekwunigwe 205 $a1st ed. 210 1$aLondon ;$aNew York :$cRoutledge,$d2004. 215 $a1 online resource (352 p.) 300 $aDescription based upon print version of record. 311 $a0-415-32164-6 311 $a0-415-32163-8 320 $aIncludes bibliographical references at the end of each chapters and index. 327 $aCover; Title; Copyright; Dedication; Contents; Preface; Acknowledgements; Notes on terminology; INTRODUCTION: RETHINKING 'MIXED RACE' STUDIES; PART ONE Tracing the origins: miscegenation, moral degeneracy and genetics; Miscegenation and moral degeneracy; 1 DO RACES EVER AMALGAMATE?; 2 RECAPITULATION: THE RESPECTIVE CHARACTERISTICS OF THE THREE GREAT RACES; THE SUPERIORITY OF THE WHITE TYPE, AND, WITHIN THIS TYPE, OF THE ARYAN FAMILY; 3 HYBRIDITY OF ANIMALS, VIEWED IN CONNECTION WITH THE NATURAL HISTORY OF MANKIND; 4 ON THE RACES OF MEN: . . . THE EFFECTS OF CROSSING 327 $a5 COMPARATIVE ELEMENTS OF CIVILIZATION6 THE AMALGAM HE REPRESENTS AND HIS SIGNIFICANCE FOR THE STUDY OF RACE; 7 THE HYBRID AS A SOCIOLOGICAL TYPE; 8 GOD'S OWN CHILLUN; 9 THE RACIAL HYBRID; 10 CROSSING THE BOUNDARY: THE MARGINAL MAN; 11 THE 'HALF-CASTE' PATHOLOGY; 12 NAZI-STERILIZATION OF AFRO-GERMANS; Suggestions for further reading; Genetics; 13 American Anthropological Association AMERICAN ANTHROPOLOGICAL ASSOCIATION STATEMENT ON 'RACE'; 14 GENETICS AND THE BIOLOGY OF RACE CROSSING; 15 GENETICS, IDENTITY AND THE ANTHROPOLOGY OF ESSENTIALISM; 16 DNA, BLOOD AND RACIALIZING THE TRIBE 327 $aSuggestions for further readingPART TWO Mapping contemporary and foundational discourses: 'mixed race', identities politics and celebration; 17 LA CONCIENCIA DE LA MESTIZA: TOWARDS A NEW CONSCIOUSNESS; 18 WITHIN, BETWEEN, AND BEYOND RACE; 19 THE ILLOGIC OF AMERICAN RACIAL CATEGORIES; 20 BLACK, WHITE, AND GRAY: WORDS, WORDS, WORDS; 21 RACE, BIRACIALITY, AND MIXED RACE; 22 RACE-ING AND BEING RACED: THE CRITICAL INTERROGATION OF 'PASSING'; 23 INTRODUCTION; 24 INTO THE MIX 327 $a25 LET BLACKNESS AND WHITENESS WASH THROUGH: COMPETING DISCOURSES ON BI-RACIALIZATION AND THE COMPULSION OF GENEALOGICAL ERASURESSuggestions for further reading; PART THREE Debating definitions: multiraciality, census categories and critiques; The census and categories; 26 THE MULATTO MILLENNIUM; 27 IS BIRACIAL ENOUGH (OR, WHAT'S THIS ABOUT A MULTIRACIAL CATEGORY ON THE CENSUS?: A CONVERSATION); 28 WILL THE CENSUS GO MULTIRACIAL?; 29 THINKING ABOUT TRANSCENDING RACE; 30 OVERVIEW OF RACE AND HISPANIC ORIGIN: CENSUS 2000 BRIEF; 31 'MIXED RACE' IN OFFICIAL STATISTICS 327 $a32 CENSUS 2001 - ETHNICITY AND RELIGION IN ENGLAND AND WALES (2002)33 THE CONCEPTUALISATION AND CATEGORISATION OF MIXED RACE/ETHNICITY IN BRITAIN AND NORTH AMERICA: IDENTITY OPTIONS AND THE ROLE OF THE STATE; Suggestions for further reading; Multiraciality and critiques; 34 DO MULTIRACIAL SUBJECTS REALLY CHALLENGE RACE?: MIXED RACE ASIANS IN THE UNITED STATES AND THE CARIBBEAN; 35 SERVANTS OF CULTURE: THE SYMBOLIC ROLE OF MIXED-RACE ASIANS IN AMERICAN DISCOURSE; 36 Y TU? æQUE?? (Y2K): LATINO HISTORY IN THE NEW MILLENNIUM 327 $a37 THE NEW MILLENNIUM: TOWARD A NEW MASTER RACIAL PROJECT AND EPILOGUE: BEYOND BLACK OR WHITE: A NEW UNITED STATES RACIAL PROJECT 330 $aMixed race studies is one of the fastest growing, as well as one of the most important and controversial areas in the field of race and ethnic relations. Bringing together pioneering and controversial scholarship from both the social and the biological sciences, as well as the humanities, this reader charts the evolution of debates on 'race' and 'mixed race' from the nineteenth to the twenty-first century. The book is divided into three main sections:tracing the origins: miscegenation, moral degeneracy and geneticsmapping contemporary and foundational discourses: 'mixed race', identities polit 606 $aMultiracial people 606 $aMiscegenation (Racist theory) 606 $aEthnicity 606 $aEthnic relations 606 $aRace relations 615 10$aMultiracial people. 615 10$aMiscegenation (Racist theory) 615 0$aEthnicity. 615 0$aEthnic relations. 615 0$aRace relations. 676 $a305.8 701 $aIfekwunigwe$b Jayne O.$f1963-$01654151 801 0$bFlBoTFG 801 1$bFlBoTFG 906 $aBOOK 912 $a9910821985903321 996 $aMixed race' studies$94005807 997 $aUNINA LEADER 01763nas 2200517-a 450 001 9910144635603321 005 20241112211413.0 011 $a2081-7495 035 $a(CKB)1000000000226949 035 $a(CONSER)--2006252163 035 $a(EXLCZ)991000000000226949 100 $a20060209b20052011 --- - 101 0 $aeng 181 $ctxt$2rdacontent 182 $cc$2rdamedia 183 $acr$2rdacarrier 200 00$aActa zoologica Cracoviensia$hSer. B$iInvertebrata 210 1$aKraków, Poland :$cPolish Academy of Sciences, Institute of Systematics and Evolution of Animals,$d©2005- 215 $a1 online resource 300 $aRefereed/Peer-reviewed 300 $aTitle from cover. 311 $aPrint version: Acta zoologica Cracoviensia. (DLC) 2006252163 (OCoLC)63676051 1895-3131 517 3 $aSer. B, 517 3 $aInvertebrata 531 $aACTA ZOOL CRAC SER. B - INVERTEBR 531 $aACTA ZOOLOGICA CRACOVIENSIA - SERIES B 531 1 $aActa zool. Crac., B Invertebr. 606 $aInvertebrates$zPoland$vPeriodicals 606 $aZoology$vPeriodicals 606 $aInvertebrates 606 $aInvertebrates$2fast$3(OCoLC)fst00978111 606 $aZoology$2fast$3(OCoLC)fst01184696 607 $aPoland$2fast$1https://id.oclc.org/worldcat/entity/E39QbtfRgyP3qcDKmj68x7FVbM 608 $aPeriodical. 608 $aPeriodicals.$2fast 615 0$aInvertebrates 615 0$aZoology 615 12$aInvertebrates. 615 7$aInvertebrates. 615 7$aZoology. 712 02$aInstytut Systematyki i Ewolucji Zwierza?t (Polska Akademia Nauk) 906 $aJOURNAL 912 $a9910144635603321 920 $aexl_impl conversion 996 $aActa zoologica Cracoviensia$9802350 997 $aUNINA